Produktivitätsschväche in der deutschen Wirtschaft

Guardado en:
Detalles Bibliográficos
Autor principal: Klodt, Henning
Formato: Libro
Lenguaje:alemán
Publicado: Tübingen Mohr 1984
Colección:Kieler Studien 186
Etiquetas: Agregar Etiqueta
Sin Etiquetas, Sea el primero en etiquetar este registro!

MARC

LEADER 00000nam a2200000 4500
001 c116520
005 20240819122424.4
041 0 |a ger 
044 |a DE 
245 1 0 |a Produktivitätsschväche in der deutschen Wirtschaft  |c Hennig Klodt 
264 1 |a Tübingen  |b Mohr  |c 1984 
300 |a 144 s. 
490 1 |a Kieler Studien  |v 186 
830 0 |a Kieler Studien  |v 186 
100 1 |a Klodt, Henning